LA INTERNACIONAL COMUNISTA Y AMERICA LATINA, LA SECCION VENEZOLANA/

INCLUYE BIBLIOGRAFIA

Na minha lista:
Detalhes bibliográficos
Autor principal: Caballero, Manuel (autor)
Formato: Livro
Colecção:CUADERNOS DE PASADO Y PRESENTE; 80
Assuntos:
Tags: Adicionar Tag
Sem tags, seja o primeiro a adicionar uma tag!

MARC

LEADER 00000nam^a2200000^a^4500
001 000224305
005 20250521000000.0
009 20260310104044.822
020 |a 968-23-0284-0 
035 |a 043043 
037 |a Acervo Xavier Clavigero 
082 |a 324. 175  |b CAB 
100 |a Caballero, Manuel  |e (autor) 
245 1 3 |a LA INTERNACIONAL COMUNISTA Y AMERICA LATINA, LA SECCION VENEZOLANA/  |c MANUEL CABALLERO 
264 |a MEXICO :  |b PASADO Y PRESENTE,  |c 1978 
300 |a 175p. 
336 |a texto  |b txt  |2 rdacontenido 
337 |a sin mediación  |b n  |2 rdamedio 
338 |a volumen  |b nc  |2 rdasoporte 
440 |a CUADERNOS DE PASADO Y PRESENTE;  |v 80 
520 |a INCLUYE BIBLIOGRAFIA 
649 |a XX 
650 |a Internacionalismo 
650 |a Comunismo -  |z Venezuela 
910 |a Fondo General 
920 |a Impresos - Libros 
930 |a Colección General 
905 |a 101 
901 |a 043043  |b IT1  |c ACC  |i 043043  |u 20250521 
902 |a https://opac.biblio.iteso.mx/vufind/Record/000224305